| 000 | 01022nam a2200241Ia 4500 | ||
|---|---|---|---|
| 003 | OSt | ||
| 005 | 20200818144229.0 | ||
| 008 | 191128s2012 ck grl f000 0 spa d | ||
| 040 |
_aCO-JMCR _cCO-JMCR |
||
| 041 | 0 | _aspa | |
| 082 | 0 | 4 |
_a345.861025 / _bC718l _223 |
| 110 | 1 |
_aColombia. _bMinisterio del Interior y de Justicia _93541 |
|
| 240 | 1 | _aLeyes, decretos, etc. | |
| 245 | 1 | 0 |
_aLey de víctimas y restitución de tierras : _bpor la cual se dictan medidas de atención integral a las víctimas del conflicto armado interno y se dictan otras disposiciones / _cMinisterio del Interior y de Justicia |
| 260 |
_aBogotá : _bMinisterio de Justicia y del Derecho, _c[2012] |
||
| 300 |
_a99 Páginas ; _c28 cm. |
||
| 650 | 1 | 4 |
_aLey Víctimas _2 . _zColombia _98860 |
| 650 | 1 | 4 |
_aVíctimas de delitos _xlegislación _zColombia _98861 |
| 650 | 1 | 4 |
_aReparación (Justicia penal) _xlegislación _zColombia. _98862 |
| 650 | 1 | 4 |
_aVíctimas de guerra _zColombia. _98863 |
| 650 | 2 | 4 |
_aConflicto armado _zColombia _98340 |
| 942 |
_2ddc _cBK |
||
| 999 |
_c3834 _d3834 |
||